Zmeny v účtovnom a daňovom ponímaní lízingu. Špecifiká finančného lízingu osobných automobilov

Vymedzenie pojmu lízing a jeho klasifikácia. Právna úprava lízingu v slovenskej legislatíve. Lízing z účtovného a daňového hľadiska. Špecifiká finančného prenájmu pri osobných automobiloch. Praktický príklad.

Salvato in:
Dettagli Bibliografici
Autore principale: Vašeková, Miroslava, 1978-
Natura: Capitolo di libro
Lingua:slovacco
Soggetti:
Tags: Aggiungi Tag
Nessun Tag, puoi essere il primo ad aggiungerne!!

MARC

LEADER 00000naa$a2200000$$$4500
001 0012661
005 20240502071357.8
041 0 |a slo 
044 |a SK 
245 1 0 |a Zmeny v účtovnom a daňovom ponímaní lízingu. Špecifiká finančného lízingu osobných automobilov  |c aut. Miroslava Vašeková 
520 |a Vymedzenie pojmu lízing a jeho klasifikácia. Právna úprava lízingu v slovenskej legislatíve. Lízing z účtovného a daňového hľadiska. Špecifiká finančného prenájmu pri osobných automobiloch. Praktický príklad. 
610 2 0 |a lízing finančný 
610 2 0 |a dane 
610 2 0 |a účtovníctvo 
610 2 0 |a účtovanie 
610 2 0 |a zdaňovanie 
610 2 0 |a automobily osobné 
100 1 |a Vašeková, Miroslava, 1978-